Chinese Enterprise Management Reforms in Economic Perspective
Saved in:
| Main Author: | |
|---|---|
| Format: | Book |
| Language: | English |
| Published: |
Berlin
De Gruyter
1992
|
| Edition: | 1. ed. |
| Series: | De Gruyter Studies in Organization
41 |
| Subjects: | |
| Tags: |
No Tags, Be the first to tag this record!
|
MARC
| LEADER | 00000nam a2200000 4500 | ||
|---|---|---|---|
| 001 | c010239 | ||
| 005 | 20221206083210.3 | ||
| 020 | |a 3-11-013480-2 | ||
| 041 | 0 | |a eng | |
| 044 | |a DE | ||
| 245 | 1 | 0 | |a Chinese Enterprise Management |b Reforms in Economic Perspective |c Sukhan Jackson |
| 250 | |a 1. ed. | ||
| 264 | 1 | |a Berlin |b De Gruyter |c 1992 | |
| 300 | |a 324 s. | ||
| 490 | 1 | |a De Gruyter Studies in Organization |v 41 | |
| 830 | 0 | |a De Gruyter Studies in Organization |v 41 | |
| 610 | 2 | 0 | |a podnik štátny |
| 610 | 2 | 0 | |a podnik obchodný |
| 610 | 2 | 0 | |a podnikanie obchodné |
| 610 | 2 | 0 | |a Čína |
| 610 | 2 | 0 | |a manažment |
| 610 | 2 | 0 | |a politika hospodárska |
| 610 | 2 | 0 | |a priemysel |
| 610 | 2 | 0 | |a organizácia riadenia |
| 610 | 2 | 0 | |a manažment medzinárodný |
| 610 | 2 | 0 | |a reformy hospodárske |
| 100 | 1 | |a Jackson, Sukhan | |